000 00843nam a2200241 a 4500
001 1127
003 BR-CuiBMT
005 20231129191403.0
008 231129s2017 dfba 000 0 por d
020 _a9788568825020
040 _aBR-CuiBMT
_cBR-CuiBMT
080 _a351.94
_22007
090 _a351.94
_bQ1
245 0 0 _aQualidade e agilidade do tribunais de contas :
_bdiretrizes e marco de medição de desempenho /
_c[editores: Luiz Felipe Cavalcante de Campos ... et al.].
260 _aBrasília :
_bATRICON,
_c2017.
300 _a292 p. :
_bil. ;
_c23 cm
504 _ainclui bibliografia.
650 _aTribunais de contas
_zBrasil
650 _aTribunal de contas
_xDesempenho
_xAvaliação
650 _aAdministração pública
_xAvaliação
_xControle
700 _aCampos, Luiz Felipe Cavalcante de
_4et al.
_4Ed.
942 _2udc
_cLV
999 _c1127
_d1127